000 00770nam a2200229Ii 4500
003 JO-AjNU
008 230605s9999||||xx |||||||||||||| ||und||
017 _a2002/16601
020 _a977-01-8192-7
040 _aJO-AjNU
_bara
_erda
_cJO-AjNU
041 _aara
050 1 4 _aPJ7541 2002
100 3 _aالبابلي، جواد ؛ دراسة المنجي سرحان,
_eauthor
_914786
245 0 0 _aإعترافات الفتى المستفز: شعر
264 3 1 _aالقاهرة: الهيئة المصرية العامة للكتاب، 2002
300 _a102ص
336 _atext
_btxt
_2rdacontent
337 _aunmediated
_bn
_2rdamedia
338 _avolume
_bnc
_2rdacarrier
490 0 _aإشراقات جديدة (27)
650 4 _aالشعر العربي
_914787
999 _aA4025
_c7593
_d7593